Missing Word: Pablo Picasso A-Z Quiz Stats

 Plays Quiz Updated Oct 2, 2016

Challenge
Share
Tweet
Embed
Score 0/24 Timer 03:00
0 Plays Today
Hint Answer % Correct
Self ___ with PalettePortrait
90.2%
___ and ChildMother
89.7%
Still ___ with Pitcher and ApplesLife
84.2%
Don ___Quixote
83.6%
Woman ___ a Pine TreeUnder
82.6%
Woman with ___ Hat (Jacqueline)Yellow
79.4%
Portrait of ___ StravinskyIgor
79.4%
___ of FlowersVase
77.7%
Portrait of a Painter after __ GrecoEl
76.5%
Woman ___ her HairCombing
68.7%
Boy Leading a ___Horse
68.4%
Woman in a ___ ArmchairRed
68.2%
Hint Answer % Correct
Portrait of ___ SteinGertrude
65.4%
___ and His ModelArtist
63.3%
The Weeping ___Woman
63.1%
Bather with Beach ___Ball
61.7%
___ De VivreJoie
61.5%
The ___ GuitaristOld
54.2%
Musketeer with ___Sword
51.6%
___ DancersThree
50.7%
Bread and ___ Dish on a TableFruit
39.1%
___ Fishing at AntibesNight
32.4%
Les ___ d'AvignonDemoiselles
19.5%
Massacre in ___Korea
7.7%

Today's Daily Dose

You're not logged in!

Compare scores with friends on all Sporcle quizzes.
OR
Log In

You Might Also Like...

Show Comments

Extras

Top Quizzes Today


Score Distribution

Your Account Isn't Verified!

In order to create a playlist on Sporcle, you need to verify the email address you used during registration. Go to your Sporcle Settings to finish the process.

Report this User

Report this user for behavior that violates our Community Guidelines.

Details: